000 00662nam a22002297a 4500
005 20170124105944.0
010 _a096520
020 _c00.00
035 _a096520
037 _bCen Lib/Ret
040 _aDPL
_bEN
082 _a331
_bLEI
100 _aLeiter, Robert D.
_911915
245 _aLabour problems and trade unionism /
_cby Robert D. Leiter
260 _bBarnes & Noble, Inc
_c1952
_aNew York
270 _bNew York
300 _axvi, 320p.
_c20cm(Hb)
500 _aIncludes bibliographical references and index
650 _aLabour Problems
_911916
650 _aIndustrial economy
_911917
942 _2ddc
_cEN
_h331
_mLEI
999 _c124780
_d124780